Cities Beginning With "U, V and W" Map Quiz - Statistics

General Stats
  • This quiz has been taken 377 times
    297 since last reset
  • The average score is 16 of 28
Answers on the Map
Answers color-coded by a green-red scale on the quiz's map according to % correct below.
 
Answer Stats
City % Correct
Vancouver
89%
Wellington
88%
Ulan Bator
87%
Washington DC
87%
Valencia
86%
Venice
84%
Windhoek
81%
Vienna
80%
Vilnius
71%
Vladivostok
71%
Utrecht
67%
Vientiane
65%
Wuhan
63%
Winnipeg
61%
Verona
58%
Urumqi
54%
Virginia Beach
45%
Victoria
44%
Wroclaw
42%
Valparaiso
40%
Veracruz
38%
Wichita
36%
Ufa
32%
Vigo
29%
Willemstad
18%
Vlore
14%
Vasaa
13%
Visakhapatnam
13%
No matching quizzes found
Score Distribution
Percent of People with Each Score
Percentile by Number Answered
Your Score History
You have not taken this quiz since the last reset